000 00368nam a22001577a 4500
003 MACL
005 20151223125455.0
008 151223b xxu||||| |||| 00| 0 eng d
040 _cMACL
041 _aEnglish
082 _a100/JAK
100 _aJakhar,Sunita
_922313
245 _aLiterary Theories in Applications
650 _aPhilosophy
_922314
942 _2ddc
_cBK
999 _c51606
_d51606